| 000 | 02510nam a2200361 i 4500 | ||
|---|---|---|---|
| 003 | DO-SdBPM | ||
| 005 | 20251017130929.0 | ||
| 007 | ta | ||
| 008 | 250520b2024 dr ac| ||| 00| 0 spa d | ||
| 020 | _a9789945510805 | ||
| 040 |
_aDO-SdBPM _bspa _cBPMSU _erda _d |
||
| 041 | _aspa | ||
| 082 | 4 |
_a928 _bB957t 2024 _222 |
|
| 245 | 1 | 3 |
_aLa tristeza sin fin de ser poeta / _cselección de textos y presentación de Chiqui Vicioso ; corrección, María del Carmen Vicente |
| 250 | _aSegunda edición corregida | ||
| 264 | 4 |
_aSanto Domingo : _bMinisterio de Cultura, _bEditora Nacional, _c©2024. |
|
| 300 |
_a258 páginas : _bilustraciones, retratos ; _c23 cm. |
||
| 336 |
_atexto _btxt _2rdacontent |
||
| 337 |
_asin mediación _bn _2rdamedia |
||
| 338 |
_avolumen _bnc _2rdacarrier |
||
| 500 | _aIncluye referencias bibliográficas y notas al pie de las páginas | ||
| 504 | _aBibliografía : páginas 179-183 | ||
| 505 | 0 | _a Presentación, 11 -- Belkis-Julia, 13 -- Julia de Burgos: la nuestra / Chiqui Vicioso, 21 -- Julia de Burgos: escritora mediática y política / Carmen Centeno Añeses, 35 -- Los sonidos del alma y el mar de Julia de Burgos y Silvia Rexach / Alinaluz Santiago, 51 -- Indomable alma Juliana: evolución de un enigma fluido / José Manuel Sánchez-Darro, 65 -- Julia de Burgos en Cuba, Cuba en Julia de Burgos / Yolanda Ricardo, 81 -- Pongamos en su sitio a Julia de Burgos / Áurea María Sotomayor, 109 -- Julia de Burgos en Nueva York; miradas de vida / Vivian Auffant Vázquez, 131 -- Julia de Burgos: ciudadana caribeña y hermana en la diáspora / Daisy Cocco de Filippis, 155 -- La construcción de la subjetividad en las cartas de Julia de Burgos a su hermana Consuelo / Grisselle Merced Hernández, 171 -- Julia de Burgos: sin puerto abierto / Ivette Lopez Jiménez, 187 -- Hermanadas sigilosas / José Manuel Sánchez-Darro, 203 -- Apéndices, 239 -- Entrevista a Juan Isidro Jimenes Grullón, el rival de «Río Grande de Loíza» / Chiqui Vicioso, 239 -- Entrevista a Juan Bosch sobre Julia de Burgos / Chiqui Vicioso, 251. | |
| 590 | _aInventariado, 2025/VM | ||
| 600 | 1 | 7 |
_aBurgos, Julia de _d1914-1953 _xCrítica e interpretación |
| 600 | 1 | 7 |
_aBurgos, Julia de _d1914-1953 _vHomenajes |
| 650 | 7 |
_aPoesía puertorriqueña _xHistoria y crítica |
|
| 650 | 7 | _aPoetas puertorriqueñas | |
| 700 | 1 |
_aVicioso, Chiqui, _eselección _4sel. |
|
| 700 | 1 |
_aVicente, María del Carmen, _ecorrector _4corr. |
|
| 910 | _aVMateo V. Control de calidad. BPMSU | ||
| 942 |
_2ddc _cBK |
||
| 999 |
_c15462 _d15462 |
||